[Event "CTO DE ESPANA DE SELECCIONES AUTONOMICAS"]
[Site "Hotel La Borona, Gijon (Asturi"]
[Date "2011.05.01"]
[Round "4.3"]
[White "Forcen Esteban, Daniel"]
[Black "Narciso Dublan, Marc"]
[Result "1/2-1/2"]
[WhiteElo "2425"]
[BlackElo "2551"]
[PlyCount "122"]
[EventDate "2011.04.29"]

1. e4 c6 2. d4 d5 3. e5 Bf5 4. Nc3 a6 5. Be3 e6 6. g4 Bg6 7. Nge2 c5 8. Bg2 Nc6
9. O-O h5 10. Nf4 Nge7 11. gxh5 Bh7 12. Nce2 cxd4 13. Nxd4 Nxd4 14. Bxd4 Nc6
15. c3 Qh4 16. Qf3 Be7 17. Qg3 Nxd4 18. cxd4 O-O-O 19. Rfc1+ Kb8 20. Rc3 Rc8
21. Rac1 Bg5 22. Rxc8+ Rxc8 23. Rxc8+ Kxc8 24. Qc3+ Kb8 25. Nd3 Bxd3 26. Qxd3
Qxh5 27. Qc2 Qh4 28. Qa4 Ka7 29. Qe8 Qxd4 30. Qxf7 Qxe5 31. Bh3 Qxb2 32. Bxe6
Qxa2 33. Bxd5 Qb1+ 34. Kg2 Bf6 35. h4 Qb2 36. h5 Bd4 37. Kg3 a5 38. f4 Qb5 39.
Kg4 a4 40. Kg5 a3 41. Kg6 Qb1+ 42. f5 Ka6 43. Qd7 Qb6+ 44. Kh7 Qb5 45. Bxb7+
Qxb7 46. Qxd4 Qb2 47. Qxg7 Qxg7+ 48. Kxg7 a2 49. f6 a1=Q 50. h6 Qg1+ 51. Kh8
Kb7 52. h7 Kc7 53. f7 Qd4+ 54. Kg8 Qg4+ 55. Kh8 Qf5 56. Kg8 Qg5+ 57. Kh8 Qf5
58. Kg8 Qg6+ 59. Kh8 Qf6+ 60. Kg8 Qg6+ 61. Kh8 Qxf7 1/2-1/2

[Event "CTO DE ESPANA DE SELECCIONES AUTONOMICAS"]
[Site "Hotel La Borona, Gijon (Asturi"]
[Date "2011.05.01"]
[Round "4.5"]
[White "Moreno Gracia, Daniel"]
[Black "Colon Garcia, Enrique"]
[Result "1-0"]
[WhiteElo "2276"]
[BlackElo "2288"]
[PlyCount "97"]
[EventDate "2011.04.29"]

1. d4 Nf6 2. c4 e6 3. Nc3 Bb4 4. Qc2 O-O 5. e4 d6 6. a3 Bxc3+ 7. bxc3 e5 8. Bd3
c5 9. d5 Nbd7 10. f3 Nh5 11. Ne2 Qf6 12. O-O Nf4 13. Bxf4 exf4 14. g3 fxg3 15.
Nxg3 Qf4 16. Qc1 Qxc1 17. Raxc1 Ne5 18. Be2 f5 19. f4 Ng6 20. Bh5 fxe4 21. Bxg6
hxg6 22. Nxe4 Rd8 23. Rce1 Bf5 24. Re3 Rab8 25. a4 b6 26. Rfe1 Kf8 27. Kf2 a6
28. Ng5 b5 29. axb5 axb5 30. cxb5 Rxb5 31. Re7 Rb2+ 32. Kg3 Rc2 33. Rf7+ Kg8
34. Ree7 Rxc3+ 35. Kh4 Rc2 36. Rxg7+ Kh8 37. Rh7+ Kg8 38. Reg7+ Kf8 39. Ne6+
Bxe6 40. dxe6 Rxh2+ 41. Kg5 Rxh7 42. Rxh7 Re8 43. Kf6 Kg8 44. Rg7+ Kh8 45. Rd7
Rf8+ 46. Kxg6 Rg8+ 47. Kh6 Re8 48. e7 Kg8 49. Kg6 1-0

[Event "CTO DE ESPANA DE SELECCIONES AUTONOMICAS"]
[Site "Hotel La Borona, Gijon (Asturi"]
[Date "2011.05.01"]
[Round "4.6"]
[White "Clopes Llahi, Judit"]
[Black "Garcia Vicente, Nieves"]
[Result "0-1"]
[WhiteElo "2094"]
[BlackElo "2220"]
[PlyCount "130"]
[EventDate "2011.04.29"]

1. e4 e5 2. Nf3 Nc6 3. d4 exd4 4. Nxd4 Nf6 5. Nxc6 bxc6 6. e5 Qe7 7. Qe2 Nd5 8.
c4 Ba6 9. b3 g6 10. Bb2 Bg7 11. Nd2 O-O 12. Qe4 f5 13. Qe2 d6 14. Nf3 dxe5 15.
O-O-O Rfe8 16. g3 e4 17. Nd4 Nb4 18. Kb1 c5 19. Nb5 Bb7 20. Bg2 Nc6 21. Bxg7
Qxg7 22. Qe3 Qe7 23. Qf4 Rac8 24. g4 a6 25. Nc3 Qe5 26. Qxe5 Rxe5 27. gxf5 gxf5
28. Rhg1 Kh8 29. Rd7 Ne7 30. Ne2 Bc6 31. Rdd1 Ng6 32. Bh3 Rce8 33. Rg5 Rf8 34.
Re1 f4 35. Rxe5 Nxe5 36. Nc3 Nf3 37. Rd1 Nxh2 38. Nd5 Nf3 39. Bg4 Ne5 40. Be2
f3 41. Bf1 Ng4 42. Rd2 Rd8 43. Bh3 Nf6 44. Bf5 Nxd5 45. Kc1 e3 46. fxe3 Rd6 47.
cxd5 Rxd5 48. e4 Rd4 49. Kd1 Bb5 50. Rxd4 cxd4 51. Ke1 h6 52. e5 Kg7 53. a4 Be2
54. b4 Kf7 55. Kf2 Ke7 56. Bc8 Kd8 57. Bf5 Bd1 58. a5 Be2 59. Be6 h5 60. Bf5 h4
61. Be6 Ke7 62. Bh3 Kd8 63. Be6 c6 64. Bf5 Kc7 65. Bg4 d3 0-1

[Event "CTO DE ESPANA DE SELECCIONES AUTONOMICAS"]
[Site "Hotel La Borona, Gijon (Asturi"]
[Date "2011.05.01"]
[Round "4.1"]
[White "Del Rio De Angelis, Salvador G"]
[Black "Almagro Llamas, Pablo"]
[Result "0-1"]
[WhiteElo "2502"]
[BlackElo "2472"]
[PlyCount "84"]
[EventDate "2011.04.29"]

1. d4 Nf6 2. c4 e6 3. Nc3 Bb4 4. e3 b6 5. Nge2 Ba6 6. Ng3 O-O 7. Bd3 c5 8. O-O
cxd4 9. exd4 Nc6 10. Nce2 Be7 11. Qa4 Nb4 12. Bd2 Nxd3 13. Qxa6 Nb4 14. Qa4 Nc6
15. b4 a6 16. Qb3 b5 17. c5 Nd5 18. a3 f5 19. Rfd1 Qb8 20. Be1 Bg5 21. Nc3 Nce7
22. Nge2 Nc7 23. Bd2 Bxd2 24. Rxd2 Qb7 25. Nf4 g5 26. Nd3 a5 27. Re1 Ncd5 28.
Ne5 Nf4 29. d5 Nexd5 30. Nxd5 Nxd5 31. Qg3 h6 32. h4 g4 33. f3 axb4 34. fxg4
Rxa3 35. Nd3 f4 36. Qf3 Qc6 37. Qe4 Ne7 38. Nxb4 Qxc5+ 39. Kh2 Re3 40. Rxe3
Qxe3 41. Qc2 Qg3+ 42. Kg1 Qe1+ 0-1

[Event "CTO DE ESPANA DE SELECCIONES AUTONOMICAS"]
[Site "Hotel La Borona, Gijon (Asturi"]
[Date "2011.05.01"]
[Round "4.2"]
[White "Anton Guijarro, David"]
[Black "Llaneza Vega, Marcos"]
[Result "1-0"]
[WhiteElo "2425"]
[BlackElo "2473"]
[PlyCount "103"]
[EventDate "2011.04.29"]

1. e4 c5 2. Nf3 e6 3. d4 cxd4 4. Nxd4 a6 5. Nc3 Qc7 6. Be2 d6 7. O-O Be7 8. a4
Nf6 9. Be3 b6 10. f4 Bb7 11. Bf3 Nbd7 12. Kh1 Rd8 13. Qe2 O-O 14. Rae1 Nc5 15.
Bg1 d5 16. exd5 Nxd5 17. Nxd5 Bxd5 18. Bxd5 Rxd5 19. b4 Bf6 20. Rd1 Bxd4 21.
Bxd4 Nxa4 22. c4 Rd7 23. Be5 Qc6 24. Rxd7 Qxd7 25. Rd1 Qc8 26. Ra1 f6 27. Bd4
Rd8 28. Bg1 Qd7 29. c5 b5 30. Rc1 Qc6 31. Re1 Kf7 32. Qh5+ Kg8 33. Qh3 f5 34.
Qb3 Kf7 35. Rd1 Rxd1 36. Qxd1 Kg8 37. Qh5 Nc3 38. Bd4 Ne4 39. Be5 Qd7 40. Kg1
a5 41. bxa5 Nxc5 42. h3 Nd3 43. Qe2 Kf7 44. Kh2 b4 45. a6 Nxe5 46. Qxe5 b3 47.
Qb8 Qa4 48. Qc7+ Kg6 49. Qd6 Qe4 50. a7 Kf7 51. Qd7+ Kg6 52. a8=Q 1-0

[Event "CTO DE ESPANA DE SELECCIONES AUTONOMICAS"]
[Site "Hotel La Borona, Gijon (Asturi"]
[Date "2011.05.01"]
[Round "4.5"]
[White "Baragano Campa, David"]
[Black "Gallardo Garcia, Andres"]
[Result "0-1"]
[WhiteElo "2175"]
[BlackElo "2370"]
[PlyCount "54"]
[EventDate "2011.04.29"]

1. e4 e5 2. Nf3 Nc6 3. Bb5 Nge7 4. Nc3 d6 5. h3 Bd7 6. O-O g6 7. d4 exd4 8. Nd5
Nxd5 9. exd5 Ne5 10. Nxd4 Bxb5 11. Nxb5 Bg7 12. f4 Nd7 13. Re1+ Kf8 14. Be3 a6
15. Nc3 Qf6 16. Ne4 Qxb2 17. Rb1 Qxa2 18. Rxb7 Qc4 19. Nxd6 cxd6 20. Rxd7 Bc3
21. Rf1 Re8 22. Bf2 Kg7 23. f5 Rd8 24. Rb7 Rb8 25. Ra7 Rhe8 26. fxg6 hxg6 27.
Qf3 Qxf1+ 0-1

[Event "CTO DE ESPANA DE SELECCIONES AUTONOMICAS"]
[Site "Hotel La Borona, Gijon (Asturi"]
[Date "2011.05.01"]
[Round "4.6"]
[White "Pascual Palomo, Lucia"]
[Black "Suarez Calvo, Alesandra"]
[Result "0-1"]
[WhiteElo "2163"]
[BlackElo "2006"]
[PlyCount "112"]
[EventDate "2011.04.29"]

1. e4 e6 2. d4 d5 3. Nd2 Nf6 4. e5 Nfd7 5. Bd3 c5 6. c3 Nc6 7. Ne2 Qb6 8. Nf3
cxd4 9. cxd4 f6 10. exf6 Nxf6 11. O-O Bd6 12. Bf4 Qc7 13. Qd2 O-O 14. g3 Ng4
15. Rac1 e5 16. dxe5 Ngxe5 17. Nxe5 Bxe5 18. Bxe5 Qxe5 19. Rfe1 Bf5 20. Bb5 Qd6
21. Nd4 Ne5 22. Rc3 Be4 23. Bf1 Qb4 24. Bg2 Nc4 25. Qc1 Qxb2 26. Qxb2 Nxb2 27.
Bxe4 dxe4 28. Rxe4 Rxf2 29. Rb3 Rd2 30. Rxb7 Rc8 31. Ne2 Nd3 32. Ree7 g5 33.
Rg7+ Kf8 34. Rxh7 Kg8 35. Rhg7+ Kh8 36. Rge7 g4 37. Rxa7 Nc1 38. Nf4 Rd1+ 39.
Kf2 Rc2+ 40. Ne2 Rd8 41. a4 Rf8+ 42. Ke1 Rd8 43. Rh7+ Kg8 44. Rag7+ Kf8 45.
Rf7+ Kg8 46. Nf4 Nd3+ 47. Nxd3 Rxd3 48. Rhg7+ Kh8 49. Rxg4 Rxh2 50. Ra7 Rhd2
51. Rh4+ Kg8 52. Rg4+ Kh8 53. Kf1 Rf3+ 54. Kg1 Rdf2 55. Ra5 Rf1+ 56. Kg2 R3f2+
0-1

[Event "CTO DE ESPANA DE SELECCIONES AUTONOMICAS"]
[Site "Hotel La Borona, Gijon (Asturi"]
[Date "2011.05.01"]
[Round "4.1"]
[White "Herraiz Hidalgo, Herminio"]
[Black "Suarez Pousa, Diego"]
[Result "1/2-1/2"]
[WhiteElo "2494"]
[BlackElo "2455"]
[PlyCount "59"]
[EventDate "2011.04.29"]

1. Nf3 Nf6 2. c4 e6 3. g3 d5 4. Bg2 Be7 5. O-O O-O 6. b3 a5 7. Nc3 b6 8. Bb2
Bb7 9. e3 Re8 10. Rc1 Bf8 11. d4 Nbd7 12. Qc2 Rc8 13. Rfd1 Ne4 14. cxd5 Nxc3
15. Bxc3 exd5 16. Bh3 Ra8 17. Rb1 Nf6 18. Ne5 Bd6 19. f3 Qe7 20. Rbc1 Nh5 21.
Bg4 Nf6 22. Bh3 Bc8 23. Bg2 Nd7 24. Re1 Bb7 25. Nxd7 Qxd7 26. e4 a4 27. e5 axb3
28. axb3 Bf8 29. f4 c5 30. f5 1/2-1/2

[Event "CTO DE ESPANA DE SELECCIONES AUTONOMICAS"]
[Site "Hotel La Borona, Gijon (Asturi"]
[Date "2011.05.01"]
[Round "4.2"]
[White "Pena Gomez, Manuel"]
[Black "Espinosa Aranda, Angel"]
[Result "0-1"]
[WhiteElo "2421"]
[BlackElo "2399"]
[PlyCount "102"]
[EventDate "2011.04.29"]

1. g3 Nf6 2. Bg2 g6 3. c4 Bg7 4. Nc3 O-O 5. e3 c6 6. Nge2 d5 7. cxd5 cxd5 8.
Qb3 e6 9. O-O Nc6 10. d3 b6 11. e4 Bb7 12. Bg5 d4 13. Na4 h6 14. Bd2 Nd7 15.
Rac1 Qe7 16. f4 Rac8 17. Rf2 Kh7 18. e5 Rfd8 19. a3 Bf8 20. Rcf1 Ba6 21. Bxc6
Rxc6 22. Nxd4 Rcc8 23. Nb5 Nc5 24. Nxc5 Qxc5 25. a4 Bxb5 26. axb5 Qd5 27. Qxd5
Rxd5 28. Rf3 Rxb5 29. Bc3 a5 30. d4 a4 31. Ra1 a3 32. b4 Bxb4 33. Bxb4 Rxb4 34.
Rfxa3 Rxd4 35. Ra7 Kg7 36. Rb7 Rd2 37. g4 Rcc2 38. f5 gxf5 39. gxf5 Rg2+ 40.
Kh1 Rxh2+ 41. Kg1 Rcg2+ 42. Kf1 Rg5 43. f6+ Kg6 44. Raa7 Rf5+ 45. Kg1 Rh4 46.
Kg2 Rg4+ 47. Kh3 Kh5 48. Ra3 Rfg5 49. Kh2 Rh4+ 50. Rh3 Rxh3+ 51. Kxh3 Kg6 0-1

[Event "CTO DE ESPANA DE SELECCIONES AUTONOMICAS"]
[Site "Hotel La Borona, Gijon (Asturi"]
[Date "2011.05.01"]
[Round "4.4"]
[White "Sanchez Aller, Fernando"]
[Black "Jimenez Martinez, Jose Vicente"]
[Result "0-1"]
[WhiteElo "2339"]
[BlackElo "2273"]
[PlyCount "168"]
[EventDate "2011.04.29"]

1. e4 d6 2. Nc3 g6 3. d4 Bg7 4. Nf3 a6 5. h4 Nf6 6. h5 Nxh5 7. Bc4 Nf6 8. Bh6
Bxh6 9. Rxh6 Bg4 10. Qd3 Bxf3 11. Qxf3 Nbd7 12. O-O-O e5 13. Be2 Qe7 14. Qe3
exd4 15. Qxd4 Qe5 16. Qd2 O-O-O 17. f4 Qa5 18. Bf3 Nc5 19. Qd4 Ncd7 20. Qa7 Qb6
21. Qxb6 Nxb6 22. Rdh1 Nbd7 23. g4 Nf8 24. g5 Ng8 25. R6h4 c6 26. Ne2 Re8 27.
f5 f6 28. fxg6 Nxg6 29. Rxh7 Rxh7 30. Rxh7 Re7 31. Rh5 Ne5 32. Rh8 Nxf3 33.
Rxg8+ Kd7 34. gxf6 Rf7 35. Rg7 Ke6 36. Rg3 Ne5 37. b3 Rxf6 38. Rg7 Rf7 39. Rg8
Kd7 40. Rb8 Kc7 41. Rh8 Nd7 42. Nd4 Nc5 43. Re8 Kd7 44. Rb8 Kc7 45. Re8 Kd7 46.
Rb8 Re7 47. Nf5 Rxe4 48. Rh8 Kc7 49. a3 d5 50. b4 Nd7 51. Ng7 Ne5 52. Ne8+ Kb6
53. Nd6 Re1+ 54. Kd2 Nf3+ 55. Kc3 Re6 56. Nf7 Re3+ 57. Kb2 Nd2 58. Nd6 Re6 59.
Rh2 Nf3 60. Rf2 Ne5 61. Nf5 Nc4+ 62. Ka2 Re1 63. Rf3 Re2 64. Rc3 Re4 65. Ng3
Rf4 66. Ne2 Rf2 67. Nd4 Rf4 68. Ne2 Rh4 69. Nc1 Rh2 70. Nd3 Ne3 71. Kb3 Nd1 72.
Rc5 Kc7 73. Ra5 Ne3 74. Rc5 b6 75. Rc3 Nd1 76. a4 Nxc3 77. Kxc3 Kd6 78. Kb2 Rh4
79. c3 c5 80. b5 axb5 81. axb5 Rh2+ 82. Kb1 c4 83. Nf4 Rf2 84. Ng6 Ke6 0-1

[Event "CTO DE ESPANA DE SELECCIONES AUTONOMICAS"]
[Site "Hotel La Borona, Gijon (Asturi"]
[Date "2011.05.01"]
[Round "4.6"]
[White "Gomez Dieguez, David"]
[Black "Martinez Gonzalez, M Asuncion"]
[Result "1-0"]
[WhiteElo "1976"]
[BlackElo "1955"]
[PlyCount "73"]
[EventDate "2011.04.29"]

1. e4 c5 2. Nf3 Nc6 3. Bb5 Qc7 4. Nc3 e6 5. Bxc6 dxc6 6. e5 Ne7 7. O-O Ng6 8.
Re1 Be7 9. g3 h5 10. h4 b6 11. Qe2 Bb7 12. b3 c4 13. Bb2 c5 14. bxc4 O-O-O 15.
Nb5 Qb8 16. d3 Ba8 17. Nd2 a6 18. Nc3 Qb7 19. f3 Kb8 20. a4 Bxh4 21. gxh4 Nxh4
22. Kf2 g5 23. Rg1 g4 24. Nce4 Nf5 25. fxg4 hxg4 26. Qxg4 Rh2+ 27. Rg2 Rdh8 28.
Rag1 R2h4 29. Qf3 Rh3 30. Rg8+ Ka7 31. Rxh8 Rxh8 32. Rh1 Rg8 33. Nf6 Qxf3+ 34.
Nxf3 Rg3 35. Ne4 Rg8 36. Nf6 Rg2+ 37. Kxg2 1-0

[Event "CTO DE ESPANA DE SELECCIONES AUTONOMICAS"]
[Site "Hotel La Borona, Gijon (Asturi"]
[Date "2011.05.01"]
[Round "4.1"]
[White "Mascaro March, Pedro"]
[Black "Reinaldo Castineira, Roi"]
[Result "0-1"]
[WhiteElo "2396"]
[BlackElo "2497"]
[PlyCount "74"]
[EventDate "2011.04.29"]

1. d4 e6 2. c4 c5 3. d5 exd5 4. cxd5 Nf6 5. Nc3 Bd6 6. Nf3 O-O 7. Bg5 Re8 8. e3
Bf8 9. d6 Re6 10. Bc4 Rxd6 11. Qb3 Qe8 12. Nb5 Rb6 13. Bxf7+ Qxf7 14. Qxf7+
Kxf7 15. Nc7 Na6 16. Nxa8 Rxb2 17. O-O b5 18. Rfd1 d6 19. Rd3 c4 20. Ra3 b4 21.
Ra5 c3 22. Bxf6 gxf6 23. Nd4 c2 24. Rf1 Be7 25. h3 Nc5 26. Rxa7 Ba6 27. Nxc2
Bxf1 28. Nd4 Ba6 29. Nf5 Bb7 30. Nc7 Be4 31. Nxe7 Kxe7 32. Nd5+ Kd8 33. Nxf6
Bb1 34. Nd5 Nd3 35. a4 b3 36. Rb7 Bc2 37. Nc3 Ra2 0-1

[Event "CTO DE ESPANA DE SELECCIONES AUTONOMICAS"]
[Site "Hotel La Borona, Gijon (Asturi"]
[Date "2011.05.01"]
[Round "4.2"]
[White "De La Villa Garcia, Jesus Maria"]
[Black "Barcelo Pujadas, Pedro Jose"]
[Result "1-0"]
[WhiteElo "2491"]
[BlackElo "2257"]
[PlyCount "76"]
[EventDate "2011.04.29"]

1. e4 e6 2. d4 d5 3. Nc3 Nf6 4. Bg5 Bb4 5. Nge2 dxe4 6. a3 Be7 7. Bxf6 gxf6 8.
Nxe4 b6 9. g3 f5 10. N4c3 Bb7 11. d5 Bxd5 12. Nxd5 Qxd5 13. Qxd5 exd5 14. O-O-O
c6 15. Bh3 O-O 16. Bxf5 Bf6 17. Nf4 Bg5 18. Kb1 Bxf4 19. gxf4 Na6 20. Rd3 Kg7
21. Bxh7 Nc5 22. Rg1+ Kf6 23. Rh3 Rh8 24. Rgg3 Ne4 25. Rh6+ Ke7 26. Re3 Kf8 27.
Reh3 Kg7 28. R6h5 Nxf2 29. Rg3+ Kf6 30. Rf5+ Ke6 31. Re3+ Ne4 32. Re5+ Kf6 33.
Bxe4 dxe4 34. R3xe4 Rxh2 35. Rd4 Rf2 36. Rd6+ Kg7 37. Rf5 Re8 38. Rxc6 Re7 1-0

[Event "CTO DE ESPANA DE SELECCIONES AUTONOMICAS"]
[Site "Hotel La Borona, Gijon (Asturi"]
[Date "2011.05.01"]
[Round "4.3"]
[White "Bestard Borras, Miguel"]
[Black "Huerga Leache, Mikel"]
[Result "0-1"]
[WhiteElo "2204"]
[BlackElo "2440"]
[PlyCount "92"]
[EventDate "2011.04.29"]

1. d4 d5 2. Bf4 Nf6 3. e3 c5 4. c3 Nc6 5. Nd2 e6 6. Bd3 Bd6 7. Bxd6 Qxd6 8. f4
cxd4 9. cxd4 h6 10. a3 g5 11. g3 gxf4 12. gxf4 Bd7 13. Ngf3 Ne7 14. Ne5 Qb6 15.
Qb3 Qxb3 16. Nxb3 b6 17. Rg1 Nc8 18. Rc1 Nd6 19. Ke2 Kd8 20. Nd2 Rc8 21. Rxc8+
Kxc8 22. Nxd7 Kxd7 23. Nf3 Rc8 24. Ne5+ Ke7 25. Rg7 Rc1 26. Nf3 a5 27. Rg1 Rc8
28. Ne5 b5 29. Bb1 Kf8 30. Nd3 Ke7 31. Ne5 Rc7 32. Nd3 Nfe4 33. Rc1 Rxc1 34.
Nxc1 Nc4 35. Nd3 Nxa3 36. bxa3 Nc3+ 37. Ke1 Nxb1 38. a4 bxa4 39. Kd1 Na3 40.
Nc5 Nc4 41. Nxa4 Nxe3+ 42. Ke2 Nc4 43. Kd3 Kf6 44. Nc3 Kf5 45. Ne2 a4 46. h3 a3
0-1

[Event "CTO DE ESPANA DE SELECCIONES AUTONOMICAS"]
[Site "Hotel La Borona, Gijon (Asturi"]
[Date "2011.05.01"]
[Round "4.4"]
[White "Zamarbide Inarrea, Daniel"]
[Black "Lechado Artigues, Pedro"]
[Result "1/2-1/2"]
[WhiteElo "2228"]
[BlackElo "2081"]
[PlyCount "70"]
[EventDate "2011.04.29"]

1. e4 c5 2. Nf3 d6 3. d4 cxd4 4. Qxd4 a6 5. Be3 Nc6 6. Qd2 Nf6 7. Nc3 e6 8. h3
b5 9. a3 Be7 10. Rd1 O-O 11. Bf4 Qa5 12. Be2 Rd8 13. O-O Bb7 14. Rfe1 Rac8 15.
Bf1 Nd7 16. Bg5 f6 17. Be3 Nde5 18. Nd4 Nxd4 19. Bxd4 Nc4 20. Bxc4 bxc4 21. f4
Kf7 22. Qf2 d5 23. exd5 Bxd5 24. Kh2 Bc5 25. f5 Bxd4 26. fxe6+ Bxe6 27. Rxd4
Qc5 28. Red1 Rxd4 29. Rxd4 Qf5 30. Qd2 Rb8 31. Ne4 Qe5+ 32. g3 Rxb2 33. Nd6+
Ke7 34. Nxc4 Bxc4 35. Rxc4 Rb6 1/2-1/2

[Event "CTO DE ESPANA DE SELECCIONES AUTONOMICAS"]
[Site "Hotel La Borona, Gijon (Asturi"]
[Date "2011.05.01"]
[Round "4.5"]
[White "Shen, Yue"]
[Black "Jimenez Almeida, Luis David"]
[Result "0-1"]
[WhiteElo "1976"]
[BlackElo "1965"]
[PlyCount "90"]
[EventDate "2011.04.29"]

1. d4 c5 2. d5 Nf6 3. c4 b5 4. cxb5 a6 5. bxa6 Bxa6 6. g3 g6 7. Bg2 d6 8. Nf3
Bg7 9. Nc3 O-O 10. O-O Nbd7 11. Qc2 Qa5 12. Rd1 Rfb8 13. e4 Ng4 14. Rb1 Nge5
15. Nxe5 Nxe5 16. f4 Nc4 17. e5 dxe5 18. d6 Ra7 19. dxe7 Rxe7 20. f5 e4 21. Nd5
Rd7 22. Bg5 h6 23. Be7 Rxd5 24. Rxd5 Ne3 25. Qd2 Qxd2 26. Rxd2 Bd4 27. Kh1 Nxf5
28. Bxc5 Bxc5 29. Bxe4 Nd6 30. Bd5 Nb5 31. Rdd1 Rd8 32. h3 Rxd5 33. Rxd5 Bb7
34. a4 Bxd5+ 35. Kh2 Nd4 36. h4 Bb4 37. Rd1 Nf3+ 38. Kh3 Nd2 39. Ra1 Nb3 40.
Rd1 Bc6 41. Rd8+ Bf8 42. h5 gxh5 43. Kh4 Kg7 44. Kxh5 Be7 45. Rd3 f5 0-1

[Event "CTO DE ESPANA DE SELECCIONES AUTONOMICAS"]
[Site "Hotel La Borona, Gijon (Asturi"]
[Date "2011.05.01"]
[Round "4.6"]
[White "Goni Osacar, Maria"]
[Black "Boix Pons, Catalina"]
[Result "1-0"]
[WhiteElo "1921"]
[BlackElo "1933"]
[PlyCount "47"]
[EventDate "2011.04.29"]

1. e4 c5 2. Nf3 Nc6 3. d4 cxd4 4. Nxd4 Nf6 5. Nc3 d6 6. Be2 a6 7. a4 e5 8. Nb3
Be6 9. Be3 Be7 10. g4 d5 11. exd5 Nxd5 12. Nxd5 Bxd5 13. Bf3 Nd4 14. Nxd4 exd4
15. Bxd5 Qxd5 16. O-O Rd8 17. Bf4 O-O 18. Qd3 f5 19. Rfe1 fxg4 20. Re4 Bf6 21.
Rae1 Qd7 22. Be5 Kh8 23. Bxf6 Rxf6 24. Re7 1-0

[Event "CTO DE ESPANA DE SELECCIONES AUTONOMICAS"]
[Site "Hotel La Borona, Gijon (Asturi"]
[Date "2011.05.01"]
[Round "4.1"]
[White "Saenz Narciso, Miguel Angel"]
[Black "Aguera Naredo, Javier"]
[Result "0-1"]
[WhiteElo "2226"]
[BlackElo "2359"]
[PlyCount "82"]
[EventDate "2011.04.29"]

1. e4 c5 2. Nf3 d6 3. c3 Nf6 4. Bd3 Nc6 5. Bc2 Bg4 6. d3 e6 7. Nbd2 d5 8. O-O
Be7 9. Re1 O-O 10. Qe2 Re8 11. h3 Bh5 12. Nf1 Rc8 13. g4 Bg6 14. Nh4 Nd7 15.
Nxg6 hxg6 16. f4 b5 17. Ng3 d4 18. f5 gxf5 19. gxf5 Bh4 20. Qg2 Bxg3 21. Qxg3
exf5 22. Bg5 f4 23. Bxf4 Nde5 24. Kh1 Re6 25. Rad1 Rg6 26. Qf2 Qd7 27. Kh2 Qe6
28. Rf1 Qxa2 29. b4 cxb4 30. Ra1 Qe6 31. cxd4 Nxd4 32. Bd1 Nef3+ 33. Bxf3 Rc2
34. Bh5 Rxf2+ 35. Rxf2 Rf6 36. Rxa7 Rxf4 37. Rxf4 Qe5 38. Raxf7 Qxh5 39. Rf8+
Kh7 40. e5 Ne6 41. R8f5 Nxf4 0-1

[Event "CTO DE ESPANA DE SELECCIONES AUTONOMICAS"]
[Site "Hotel La Borona, Gijon (Asturi"]
[Date "2011.05.01"]
[Round "4.2"]
[White "Vigil Alvarez, Luis"]
[Black "Lorente Penalba, Diego"]
[Result "1-0"]
[WhiteElo "2306"]
[BlackElo "2175"]
[PlyCount "151"]
[EventDate "2011.04.29"]

1. d4 d5 2. Nf3 Nc6 3. e3 Nf6 4. c4 Bg4 5. Nc3 e5 6. dxe5 Nxe5 7. cxd5 c6 8.
Be2 Bxf3 9. Bxf3 Nxf3+ 10. Qxf3 Nxd5 11. Nxd5 Qxd5 12. Qxd5 cxd5 13. Bd2 Rd8
14. Bc3 f6 15. Rc1 Bd6 16. Ke2 Ke7 17. Rhd1 Ke6 18. Rc2 Rd7 19. Bd4 Be5 20. Kd3
Bb8 21. Rdc1 Re8 22. h3 h5 23. Rc8 Rdd8 24. R8c3 Rd7 25. Ra3 a6 26. Rac3 Be5
27. Rc8 Rdd8 28. R8c2 Rd7 29. b3 Bd6 30. Bb6 Ba3 31. Rc8 Rxc8 32. Rxc8 Rd6 33.
Bd4 Rc6 34. Rb8 b5 35. Bc3 Bd6 36. Rh8 g6 37. g4 hxg4 38. hxg4 Be5 39. Bd2 Bb2
40. Rh6 Kf7 41. Rh7+ Ke6 42. Rg7 g5 43. Bb4 f5 44. Rxg5 fxg4 45. Rxg4 Rc1 46.
Bd2 Rc8 47. Ba5 Kf5 48. Rh4 Rc6 49. Rh5+ Ke6 50. Rh6+ Kd7 51. Rxc6 Kxc6 52. Bc3
Ba3 53. b4 Kd6 54. Bd2 Bb2 55. Bc3 Ba3 56. f3 Ke6 57. e4 dxe4+ 58. Kxe4 a5 59.
bxa5 Kd6 60. a6 Kc7 61. Bd4 Kb8 62. f4 Be7 63. Kd5 b4 64. Bc5 Bh4 65. f5 Ka8
66. Ke6 Bg5 67. Be7 Bh6 68. Bc5 Bg7 69. Bxb4 Bd4 70. Bd6 Ka7 71. Be5 Bc5 72. f6
Kxa6 73. Bd6 Be3 74. f7 Bh6 75. Kf6 Kb7 76. Kg6 1-0

[Event "CTO DE ESPANA DE SELECCIONES AUTONOMICAS"]
[Site "Hotel La Borona, Gijon (Asturi"]
[Date "2011.05.01"]
[Round "4.3"]
[White "Gonzalez Martinez, Miguel Angel"]
[Black "Cenal Gutierrez, Ruben"]
[Result "0-1"]
[WhiteElo "2063"]
[BlackElo "2291"]
[PlyCount "80"]
[EventDate "2011.04.29"]

1. d4 d5 2. Nf3 Nf6 3. e3 Bf5 4. c4 e6 5. Qb3 Qc8 6. Nc3 c6 7. Bd2 h6 8. Rc1
Nbd7 9. cxd5 exd5 10. Be2 Be7 11. O-O O-O 12. a4 a5 13. Rfd1 Qb8 14. Bf1 Re8
15. Ne1 Bd6 16. g3 h5 17. Bd3 Bg4 18. Ne2 h4 19. Kg2 hxg3 20. hxg3 Bxe2 21.
Bxe2 Bxg3 22. f4 Bxf4 23. Nf3 Bh6 24. Rh1 Ne4 25. Rh3 Re6 26. Rg1 b6 27. Kf1
Qd6 28. Ke1 Nxd2 29. Nxd2 Rae8 30. Rgg3 f5 31. Rf3 f4 32. e4 dxe4 33. Nxe4 Qxd4
34. Nc3 Kh8 35. Kf1 Rg6 36. Rh1 Ne5 37. Qc2 Rg3 38. Rf2 Nc4 39. Rxh6+ gxh6 40.
Qf5 Ne3+ 0-1

[Event "CTO DE ESPANA DE SELECCIONES AUTONOMICAS"]
[Site "Hotel La Borona, Gijon (Asturi"]
[Date "2011.05.01"]
[Round "4.4"]
[White "Alonso Gorrin, Javier"]
[Black "Arnedo Ruiz, Alberto"]
[Result "0-1"]
[WhiteElo "1934"]
[BlackElo "2019"]
[PlyCount "76"]
[EventDate "2011.04.29"]

1. e4 c6 2. d4 d5 3. exd5 cxd5 4. c4 Nf6 5. Nc3 e6 6. Nf3 Bb4 7. a3 Bxc3+ 8.
bxc3 O-O 9. Bd3 dxc4 10. Bxc4 Nd5 11. Qc2 Qc7 12. Bxd5 exd5 13. O-O f6 14. a4
Be6 15. Ba3 Re8 16. Rfe1 Nc6 17. c4 dxc4 18. Rxe6 Rxe6 19. Qxc4 Qf7 20. d5 Ree8
21. Qb5 a6 22. Qc5 Ne5 23. Nd4 Rac8 24. Qa5 Nc4 25. Qb4 Qxd5 26. Nf3 Qd3 27. h3
Nxa3 28. Qxa3 Qxa3 29. Rxa3 b5 30. axb5 axb5 31. Rb3 Rc1+ 32. Kh2 Rb8 33. Kg3
b4 34. Kf4 Rc3 35. Rb2 b3 36. Nd2 Rb4+ 37. Kf5 Kf7 38. f4 h5 0-1

[Event "CTO DE ESPANA DE SELECCIONES AUTONOMICAS"]
[Site "Hotel La Borona, Gijon (Asturi"]
[Date "2011.05.01"]
[Round "4.5"]
[White "Moya Mallafre, Erik"]
[Black "Reno Chanca, Javier"]
[Result "0-1"]
[WhiteElo "1997"]
[BlackElo "1846"]
[PlyCount "58"]
[EventDate "2011.04.29"]

1. Nf3 c5 2. g3 d5 3. Bg2 Nc6 4. O-O e5 5. d3 Bg4 6. h3 Be6 7. Nbd2 h6 8. c4 d4
9. a3 Qd7 10. Kh2 g5 11. Qc2 O-O-O 12. Nb3 f5 13. Bd2 b6 14. Rfb1 Be7 15. Nc1
g4 16. Ng1 gxh3 17. Nxh3 h5 18. Qa4 Nb8 19. Qxd7+ Bxd7 20. Ng5 Nh6 21. Bd5 h4
22. Kg1 hxg3 23. fxg3 Bc6 24. Be6+ Kb7 25. b4 Ng4 26. Nf3 Rh3 27. Bd5 Bxd5 28.
cxd5 Rxg3+ 29. Kf1 Rh8 0-1

[Event "CTO DE ESPANA DE SELECCIONES AUTONOMICAS"]
[Site "Hotel La Borona, Gijon (Asturi"]
[Date "2011.05.01"]
[Round "4.1"]
[White "Gomez Esteban, Juan Mario"]
[Black "Veganzones Rojo, David"]
[Result "1-0"]
[WhiteElo "2477"]
[BlackElo "2072"]
[PlyCount "145"]
[EventDate "2011.04.29"]

1. d4 d5 2. Nf3 Nf6 3. c4 c6 4. Nc3 a6 5. c5 Nbd7 6. Bf4 g6 7. h3 Bg7 8. e3 O-O
9. Qc2 Ne8 10. e4 dxe4 11. Qxe4 Ndf6 12. Qe3 Nc7 13. Bc4 Ncd5 14. Bxd5 Nxd5 15.
Nxd5 Qxd5 16. Bh6 Bxh6 17. Qxh6 f6 18. O-O Qf7 19. Rfe1 Be6 20. a3 Bd5 21. Nh2
Rfd8 22. Re3 Rd7 23. Rae1 Rad8 24. h4 Qf8 25. Qf4 Bf7 26. Qg3 Rxd4 27. Rxe7 Rd1
28. Qc7 Rxe1+ 29. Rxe1 Re8 30. Rxe8 Qxe8 31. Ng4 Qe1+ 32. Kh2 Qe6 33. Qf4 Kg7
34. f3 h5 35. Nf2 Qe7 36. Ne4 Bd5 37. Nd6 Qe2 38. b4 Qe7 39. Qg3 Kh7 40. Qf4
Kg7 41. Qd2 b6 42. Qf4 bxc5 43. bxc5 Qe5 44. Qxe5 fxe5 45. Kg3 Kf6 46. Kf2 g5
47. g3 gxh4 48. gxh4 Bb3 49. Ke3 Ke6 50. Ne4 Kd5 51. Nf6+ Kxc5 52. Nxh5 Bc2 53.
Nf6 Kd6 54. Ne4+ Ke7 55. Nc5 a5 56. Kd2 Bg6 57. Nb3 a4 58. Nc5 Kd6 59. Nxa4 Kd5
60. Nc3+ Kc4 61. a4 Kb4 62. Ke3 c5 63. Ne4 c4 64. Kd2 Kxa4 65. Kc3 Kb5 66. Nf6
Kc5 67. h5 Bf5 68. h6 Bg6 69. h7 Bxh7 70. Nxh7 Kd5 71. Ng5 Kc5 72. Ne4+ Kd5 73.
Nd2 1-0